Analýza prestupu tepla vo valcoch papierenského stroja

Gespeichert in:
Bibliographische Detailangaben
1. Verfasser: Volek, Róbert (Verfasst von)
Weitere Verfasser: Janošovský, Ján (Betreuung Doktorarbeit)
Format: Manuskript Buch
Sprache:Slowakisch
Veröffentlicht: 2019
Schlagworte:
Online-Zugang:http://is.stuba.sk/zp/portal_zp.pl?podrobnosti=146119
Tags: Tag hinzufügen
Keine Tags, Fügen Sie das erste Tag hinzu!

MARC

LEADER 00000ntm a22000003a 4500
001 stuzp74219
003 SK-STU
005 20190622211542.6
007 ta
008 150427s2015----xo-----f-mn---000-0-slo-d
040 |a STU  |b slo 
041 0 |a slo 
100 1 |a Volek, Róbert  |u 046230  |k Z4  |4 aut  |U FCHPT Ústav chemického a environmentálneho inžinierstva  |T FCHPT Oddelenie chemického a biochemického inžinierstva  |X 86776  |U C6230  |Y 119  |7 86776 
242 0 1 |a Analysis of Heat Transfer in Drying Cylinders of a Paper Machine  |y eng 
245 1 0 |a Analýza prestupu tepla vo valcoch papierenského stroja 
260 |c 2019 
650 4 |a sušenie papiera  |2 slo 
650 4 |a prestup tepla  |2 slo 
650 4 |a úspora energie  |2 slo 
650 4 |a heat transfer  |2 eng 
650 4 |a energy savings  |2 eng 
650 4 |a drying  |2 eng 
700 1 |a Janošovský, Ján  |u 046230  |k Z1  |4 ths  |U FCHPT Ústav chemického a environmentálneho inžinierstva  |T FCHPT Oddelenie chemického a biochemického inžinierstva  |X 69326  |U C6230  |Y 119  |7 69326 
856 4 |u http://is.stuba.sk/zp/portal_zp.pl?podrobnosti=146119